[Event "EU-ch Seniors 65 22nd"]
[Site "Acqui Terme"]
[Date "2023.06.03"]
[Round "9"]
[White "Biro, Sandor"]
[Black "Strand, Kjetil"]
[Result "1-0"]
[WhiteElo "2089"]
[BlackElo "1942"]
[PlyCount "63"]
[EventDate "2023.05.26"]
[EventType "swiss"]
[EventRounds "9"]
[EventCountry "ITA"]
[SourceTitle "CBM 214 Extra"]
[Source "ChessBase"]
[SourceDate "2023.07.31"]
[SourceVersion "1"]
[SourceVersionDate "2023.07.31"]
[SourceQuality "1"]

1. e4 e5 2. f4 Bc5 3. Nf3 d6 4. c3 Bb6 5. d3 Nc6 6. Na3 Nf6 7. Nc4 0-0 8. fxe5 dxe5 9. Nxb6 axb6 10. Be2 h6 11. 0-0 Be6 12. a3 Qd6 13. Kh1 Na5 14. Be3 c5 15. Qe1 c4 16. d4 Nxe4 17. Nxe5 Rac8 18. Qh4 Bd5 19. Bg4 Rce8 20. Rae1 Qe7 21. Qxe7 Rxe7 22. Nd7 Rfe8 23. Nxb6 Nf6 24. Nxd5 Nxd5 25. Bf2 Nf4 26. Rxe7 Rxe7 27. Bg3 g5 28. Bxf4 gxf4 29. h3 Re3 30. Rxf4 Nc6 31. Rf5 Rd3 32. Rb5 1-0

[Event "EU-ch Seniors 65 22nd"]
[Site "Acqui Terme"]
[Date "2023.05.30"]
[Round "5"]
[White "Polster, Wolfgang"]
[Black "Strand, Kjetil"]
[Result "1-0"]
[WhiteElo "2189"]
[BlackElo "1942"]
[PlyCount "85"]
[EventDate "2023.05.26"]
[EventType "swiss"]
[EventRounds "9"]
[EventCountry "ITA"]
[SourceTitle "CBM 214 Extra"]
[Source "ChessBase"]
[SourceDate "2023.07.31"]
[SourceVersion "1"]
[SourceVersionDate "2023.07.31"]
[SourceQuality "1"]

1. d4 d5 2. Nc3 Nf6 3. Bf4 c6 4. e3 Bf5 5. Bd3 Bxd3 6. cxd3 e6 7. Nf3 Nbd7 8. h3 Be7 9. 0-0 0-0 10. Rb1 a5 11. a3 b5 12. a4 Qb6 13. Re1 b4 14. Ne2 c5 15. dxc5 Bxc5 16. Ned4 Bxd4 17. exd4 Rac8 18. Qb3 h6 19. Rbc1 Rfe8 20. Rc2 Rxc2 21. Qxc2 Qa6 22. Rc1 Nb6 23. Qd1 Rc8 24. Bc7 Nbd7 25. Rc2 Ne8 26. Bf4 f6 27. Qc1 Rxc2 28. Qxc2 Kf7 29. g4 g5 30. Bg3 Ke7 31. h4 Qb7 32. hxg5 hxg5 33. Nd2 e5 34. dxe5 fxe5 35. Nf3 Kf6 36. Qc1 Qc7 37. Qxg5+ Ke6 38. Qg8+ Ke7 39. Bh4+ Nef6 40. Qg7+ Ke6 41. Bxf6 Qc1+ 42. Kg2 Nxf6 43. Ng5+ 1-0

[Event "Wch Seniors 65 29th"]
[Site "Bucharest"]
[Date "2019.11.19"]
[Round "7"]
[White "Malmdin, Nils Ake"]
[Black "Strand, Kjetil"]
[Result "1/2-1/2"]
[WhiteElo "2172"]
[BlackElo "2011"]
[PlyCount "53"]
[EventDate "2019.11.12"]
[EventType "swiss"]
[EventRounds "11"]
[EventCountry "ROU"]
[SourceTitle "CBM 193 Extra"]
[Source "ChessBase"]
[SourceDate "2020.01.31"]
[SourceVersion "1"]
[SourceVersionDate "2020.01.31"]
[SourceQuality "1"]

1. e4 e5 2. Nf3 Nc6 3. Nc3 Nf6 4. a3 d5 5. Bb5 d4 6. Ne2 Bd6 7. d3 0-0 8. Bg5 h6 9. Bd2 Bg4 10. Ng3 Ne7 11. h3 Be6 12. Nh4 a6 13. Ba4 b5 14. Bb3 c5 15. Nh5 Nc6 16. Nf5 c4 17. Ba2 Bxf5 18. exf5 e4 19. 0-0 exd3 20. cxd3 Ne5 21. dxc4 bxc4 22. Nxf6+ Qxf6 23. f4 Nd3 24. Bc1 Nxc1 25. Bxc4 d3 26. Rxc1 Qxb2 27. Qxd3 1/2-1/2

[Event "Wch Seniors 65 29th"]
[Site "Bucharest"]
[Date "2019.11.16"]
[Round "5"]
[White "Steigum, Erling"]
[Black "Strand, Kjetil"]
[Result "0-1"]
[WhiteElo "1868"]
[BlackElo "2011"]
[PlyCount "76"]
[EventDate "2019.11.12"]
[EventType "swiss"]
[EventRounds "11"]
[EventCountry "ROU"]
[SourceTitle "CBM 193 Extra"]
[Source "ChessBase"]
[SourceDate "2020.01.31"]
[SourceVersion "1"]
[SourceVersionDate "2020.01.31"]
[SourceQuality "1"]

1. Nf3 d5 2. e3 Nf6 3. c4 c6 4. b3 Bf5 5. Bb2 e6 6. Be2 Be7 7. 0-0 h6 8. Nc3 0-0 9. Ne5 Nbd7 10. Nxd7 Qxd7 11. cxd5 exd5 12. d4 Rfe8 13. Bd3 Bd6 14. Qc2 Bxd3 15. Qxd3 Qg4 16. f4 Ne4 17. Qe2 Qh4 18. Qe1 Qe7 19. Nxe4 Qxe4 20. Rf3 f5 21. Qb1 Qe6 22. Bc3 Qf7 23. Bd2 Re4 24. Qf1 Rae8 25. a3 R8e6 26. b4 Qe7 27. Qd3 b5 28. Qb3 g5 29. Qc3 gxf4 30. exf4 Re2 31. Rff1 Rg6 32. Rf2 Rxf2 33. Kxf2 Qh4+ 34. Kg1 Bxf4 35. Bxf4 Qxf4 36. Rf1 Qe4 37. Qd2 Kh7 38. Re1 Rxg2+ 0-1

[Event "Wch Seniors 65 29th"]
[Site "Bucharest"]
[Date "2019.11.15"]
[Round "4"]
[White "Strand, Kjetil"]
[Black "Sarbay, Alexander"]
[Result "0-1"]
[WhiteElo "2011"]
[BlackElo "2128"]
[PlyCount "63"]
[EventDate "2019.11.12"]
[EventType "swiss"]
[EventRounds "11"]
[EventCountry "ROU"]
[SourceTitle "CBM 193 Extra"]
[Source "ChessBase"]
[SourceDate "2020.01.31"]
[SourceVersion "1"]
[SourceVersionDate "2020.01.31"]
[SourceQuality "1"]

1. e4 c5 2. Nf3 Nc6 3. d4 cxd4 4. Nxd4 g6 5. Nc3 Bg7 6. Be3 Nf6 7. Bc4 0-0 8. Bb3 d6 9. h3 Bd7 10. 0-0 Nxd4 11. Bxd4 Bc6 12. Re1 e5 13. Be3 Nxe4 14. Nd5 Nc5 15. Bc4 b5 16. Be2 f5 17. Nb4 Be8 18. c4 a5 19. Nd5 b4 20. Qc2 Bc6 21. Rad1 Ne6 22. Bf3 e4 23. Be2 Bxd5 24. Rxd5 Qe7 25. Red1 Be5 26. c5 Nxc5 27. Bxc5 dxc5 28. Rd7 Qf6 29. Qxc5 Rad8 30. Qd5+ Kh8 31. b3 Bc7 32. Bc4 0-1

[Event "Wch Seniors 65 29th"]
[Site "Bucharest"]
[Date "2019.11.13"]
[Round "2"]
[White "Strand, Kjetil"]
[Black "Serra Olives, Tomas"]
[Result "1-0"]
[WhiteElo "2011"]
[BlackElo "2147"]
[PlyCount "72"]
[EventDate "2019.11.12"]
[EventType "swiss"]
[EventRounds "11"]
[EventCountry "ROU"]
[SourceTitle "CBM 193 Extra"]
[Source "ChessBase"]
[SourceDate "2020.01.31"]
[SourceVersion "1"]
[SourceVersionDate "2020.01.31"]
[SourceQuality "1"]

1. e4 e5 2. Nf3 Nc6 3. Bb5 a6 4. Ba4 Nf6 5. d3 b5 6. Bb3 Be7 7. 0-0 d6 8. a4 b4 9. a5 0-0 10. Nbd2 Nb8 11. Nc4 Nbd7 12. Ne3 Nc5 13. Bc4 c6 14. Bd2 Rb8 15. Ba2 h6 16. Re1 Re8 17. Nc4 Bg4 18. h3 Be6 19. Be3 Nfd7 20. d4 Nxe4 21. dxe5 d5 22. Nb6 Qc7 23. Nxd7 Qxd7 24. Nd4 Bc5 25. Nxe6 Rxe6 26. Bd4 Rd8 27. Bxc5 Nxc5 28. Qd4 Ne4 29. Rad1 Ng5 30. Re3 Rg6 31. Kh2 Qe7 32. c3 c5 33. Qd3 Ne6 34. Bxd5 Rg5 35. Qc4 Kh8 36. cxb4 cxb4 1-0

[Event "Helsinki Seniors"]
[Site "Helsinki"]
[Date "2019.08.18"]
[Round "9"]
[White "Strand, Kjetil"]
[Black "Karasev, Vladimir I"]
[Result "0-1"]
[WhiteElo "2026"]
[BlackElo "2283"]
[PlyCount "46"]
[EventDate "2019.08.14"]
[EventType "tourn"]
[EventRounds "9"]
[EventCountry "FIN"]
[SourceTitle "CBM 191 Extra"]
[Source "ChessBase"]
[SourceDate "2019.09.30"]
[SourceVersion "1"]
[SourceVersionDate "2019.09.30"]
[SourceQuality "1"]

1. e4 c5 2. Nf3 e6 3. d4 cxd4 4. Nxd4 Qb6 5. Be3 Qxb2 6. Nd2 a6 7. Bc4 Nc6 8. Rb1 Qc3 9. Ne2 Qa5 10. Bb6 Qh5 11. 0-0 Nf6 12. f4 Bc5+ 13. Kh1 Bxb6 14. Rxb6 Ng4 15. h3 Ne3 16. Qa1 Nxf1 17. Nxf1 Qc5 18. Qxg7 Rf8 19. Rxc6 bxc6 20. Bb3 a5 21. a4 Ba6 22. Nfg3 Qe3 23. Nh5 0-0-0 0-1

[Event "Helsinki Seniors"]
[Site "Helsinki"]
[Date "2019.08.15"]
[Round "4"]
[White "Peebo, Kalle"]
[Black "Strand, Kjetil"]
[Result "1-0"]
[WhiteElo "2200"]
[BlackElo "2026"]
[PlyCount "51"]
[EventDate "2019.08.14"]
[EventType "tourn"]
[EventRounds "9"]
[EventCountry "FIN"]
[SourceTitle "CBM 191 Extra"]
[Source "ChessBase"]
[SourceDate "2019.09.30"]
[SourceVersion "1"]
[SourceVersionDate "2019.09.30"]
[SourceQuality "1"]

1. e4 e5 2. Bc4 Nc6 3. Nf3 Nf6 4. d3 Bc5 5. Bb3 d6 6. c3 Bb6 7. Nbd2 0-0 8. 0-0 d5 9. Re1 dxe4 10. dxe4 Bg4 11. h3 Bh5 12. Qe2 Qe7 13. Nf1 Nd7 14. Ng3 Bxf3 15. Qxf3 a5 16. Nf5 Qf6 17. Rd1 a4 18. Bc4 Rfd8 19. Bd5 Kh8 20. h4 h6 21. g4 g5 22. hxg5 hxg5 23. Qh3+ Kg8 24. Qh5 Nf8 25. Bxf7+ Qxf7 26. Nh6+ 1-0

[Event "NOR-ch Seniors 60"]
[Site "Larvik"]
[Date "2019.07.11"]
[Round "7"]
[White "Smeby, Ole"]
[Black "Strand, Kjetil"]
[Result "1-0"]
[WhiteElo "1887"]
[BlackElo "2035"]
[PlyCount "107"]
[EventDate "2019.07.05"]
[EventType "swiss"]
[EventRounds "9"]
[EventCountry "NOR"]
[SourceTitle "EXT 2024"]
[Source "ChessBase"]
[SourceDate "2023.10.10"]
[SourceVersion "1"]
[SourceVersionDate "2023.10.10"]
[SourceQuality "1"]

1. d4 Nf6 2. c4 e5 3. dxe5 Ng4 4. Nf3 Bc5 5. e3 Nc6 6. Be2 0-0 7. 0-0 Ngxe5 8. Nxe5 Nxe5 9. Nc3 d6 10. Ne4 Qh4 11. Nxc5 dxc5 12. f4 Rd8 13. Qe1 Qxe1 14. Rxe1 Nd3 15. Rd1 Bf5 16. Bf3 Nb4 17. Rxd8+ Rxd8 18. e4 Nc2 19. Rb1 Be6 20. b3 Nd4 21. Bd1 b5 22. cxb5 Nxb5 23. Bb2 f6 24. Be2 Nd4 25. Bf1 Bg4 26. Bc4+ Kh8 27. Ba3 Be2 28. Bxc5 Bxc4 29. bxc4 Ne2+ 30. Kf2 Nxf4 31. Bxa7 Nd3+ 32. Ke2 Ne5 33. Rb8 Nc6 34. Rxd8+ Nxd8 35. Bb8 c6 36. a4 Nb7 37. Bc7 Nc5 38. a5 Kg8 39. e5 Kf7 40. exf6 Kxf6 41. Bb6 Na6 42. Bd4+ Kf7 43. Ke3 g6 44. Kf4 h6 45. g4 c5 46. Be3 Ke6 47. h4 Kd6 48. h5 gxh5 49. gxh5 Nb4 50. Ke4 Na6 51. Bxh6 Ke6 52. Be3 Kf6 53. Kd5 Kg7 54. Kc6 1-0

[Event "NOR-ch Seniors 60"]
[Site "Larvik"]
[Date "2019.07.06"]
[Round "2"]
[White "Strand, Kjetil"]
[Black "Hovden, Hans"]
[Result "0-1"]
[WhiteElo "2035"]
[BlackElo "1810"]
[PlyCount "91"]
[EventDate "2019.07.05"]
[EventType "swiss"]
[EventRounds "9"]
[EventCountry "NOR"]
[SourceTitle "EXT 2024"]
[Source "ChessBase"]
[SourceDate "2023.10.10"]
[SourceVersion "1"]
[SourceVersionDate "2023.10.10"]
[SourceQuality "1"]

1. e4 e6 2. d4 d5 3. Nd2 Nf6 4. e5 Nfd7 5. Bd3 c5 6. c3 Nc6 7. Ngf3 f6 8. Ng5 Ndxe5 9. dxe5 fxg5 10. Qh5+ Kd7 11. Nf3 Be7 12. Nxg5 g6 13. Qg4 Bxg5 14. Bxg5 Qf8 15. Bf6 Rg8 16. 0-0 Kc7 17. a4 c4 18. Be2 Na5 19. Qh4 Qf7 20. Be7 b6 21. Rfd1 Kc6 22. Bf3 g5 23. Bxg5 Qf5 24. Qd4 Kc7 25. Bxd5 exd5 26. Be7 Be6 27. Bd6+ Kd7 28. Qh4 Qg5 29. Qxg5 Rxg5 30. Re1 Rag8 31. g3 Nb3 32. Rad1 Nc5 33. Bxc5 bxc5 34. f4 Rf5 35. Kf2 Kc6 36. Re3 h5 37. Kf3 Rf7 38. Rd2 Rd7 39. f5 Bxf5 40. e6 Re7 41. Re5 Bg4+ 42. Kf4 Rxe6 43. Rexd5 Rf6+ 44. Ke4 Re8+ 45. Re5 Bf3+ 46. Ke3 0-1

[Event "Wch Seniors 65 28th"]
[Site "Bled"]
[Date "2018.11.23"]
[Round "6"]
[White "Strand, Kjetil"]
[Black "Lederman, Leon S"]
[Result "0-1"]
[WhiteElo "1995"]
[BlackElo "2255"]
[PlyCount "112"]
[EventDate "2018.11.18"]
[EventType "swiss"]
[EventRounds "11"]
[EventCountry "SLO"]
[SourceTitle "CBM 187 Extra"]
[Source "ChessBase"]
[SourceDate "2018.11.04"]
[SourceVersion "1"]
[SourceVersionDate "2018.11.04"]
[SourceQuality "1"]

1. e4 c5 2. Nf3 d6 3. d4 cxd4 4. Nxd4 Nf6 5. Nc3 a6 6. Bc4 e6 7. 0-0 Nbd7 8. f4 b5 9. Bxe6 fxe6 10. Nxe6 Qb6+ 11. Kh1 Nc5 12. e5 Bxe6 13. exf6 0-0-0 14. b4 Nd7 15. a4 Nxf6 16. axb5 axb5 17. Qf3 d5 18. f5 Bf7 19. Ra8+ Kd7 20. Be3 Qc6 21. Ra7+ Kc8 22. Bf4 Rd7 23. Nxb5 Rb7 24. Ra8+ Kd7 25. Nd4 Qc4 26. Rfa1 Rg8 27. Ne6 Bxe6 28. fxe6+ Kxe6 29. c3 Kf7 30. Be5 Be7 31. R8a5 Qe4 32. Bxf6 Qxf3 33. gxf3 Bxf6 34. Rxd5 Rc8 35. Rb1 Rxc3 36. Kg2 Rc2+ 37. Kg3 Ke6 38. Ra5 Rb2 39. Rxb2 Bxb2 40. b5 Bc3 41. Ra3 Bb4 42. Ra6+ Kf7 43. b6 Bc5 44. h4 Rxb6 45. Ra5 Rg6+ 46. Kf4 Bd6+ 47. Ke3 Re6+ 48. Kf2 Kf6 49. Rd5 Be5 50. Kg2 Kf5 51. h5 Rh6 52. Rd7 Rxh5 53. Rf7+ Kg6 54. Rf8 Rh2+ 55. Kg1 Rb2 56. Rd8 Kf5 0-1

[Event "Wch Seniors 65 28th"]
[Site "Bled"]
[Date "2018.11.22"]
[Round "5"]
[White "Baum, Bernd"]
[Black "Strand, Kjetil"]
[Result "1/2-1/2"]
[WhiteElo "2252"]
[BlackElo "1995"]
[PlyCount "65"]
[EventDate "2018.11.18"]
[EventType "swiss"]
[EventRounds "11"]
[EventCountry "SLO"]
[SourceTitle "CBM 187 Extra"]
[Source "ChessBase"]
[SourceDate "2018.11.04"]
[SourceVersion "1"]
[SourceVersionDate "2018.11.04"]
[SourceQuality "1"]

1. Nf3 d5 2. g3 Nf6 3. Bg2 Bf5 4. c4 e6 5. Qb3 Nc6 6. cxd5 exd5 7. 0-0 Nb4 8. d3 a5 9. a3 a4 10. Qd1 Na6 11. Qxa4+ c6 12. Be3 Bd6 13. Qb3 Qe7 14. Nc3 0-0 15. Rfe1 h6 16. Rac1 Ng4 17. Bd4 Nc5 18. Qd1 Rfe8 19. e4 dxe4 20. Nh4 Be6 21. Bxc5 Bxc5 22. Nxe4 Bd4 23. h3 Ne5 24. Nc3 Rad8 25. Bf1 Qd7 26. Nf3 Nxf3+ 27. Qxf3 Bxh3 28. Bxh3 Qxh3 29. Re4 Qd7 30. Rce1 Rxe4 31. dxe4 Bxc3 32. Qxc3 Qd2 33. Re3 1/2-1/2

[Event "Wch Seniors 65 28th"]
[Site "Bled"]
[Date "2018.11.20"]
[Round "3"]
[White "Vinke, Dietmar"]
[Black "Strand, Kjetil"]
[Result "0-1"]
[WhiteElo "2163"]
[BlackElo "1995"]
[PlyCount "70"]
[EventDate "2018.11.18"]
[EventType "swiss"]
[EventRounds "11"]
[EventCountry "SLO"]
[SourceTitle "CBM 187 Extra"]
[Source "ChessBase"]
[SourceDate "2018.11.04"]
[SourceVersion "1"]
[SourceVersionDate "2018.11.04"]
[SourceQuality "1"]

1. Nf3 d5 2. d4 Nf6 3. e3 Bf5 4. c4 e6 5. Nc3 c6 6. Qb3 Qc7 7. Be2 Nbd7 8. Bd2 dxc4 9. Bxc4 Bd6 10. h3 0-0 11. 0-0 Ne4 12. Nxe4 Bxe4 13. Ng5 Bd5 14. Qc2 g6 15. Bd3 c5 16. e4 Bc6 17. Nf3 cxd4 18. Nxd4 Ne5 19. Nxc6 Nxc6 20. Rfd1 Rac8 21. Rac1 Bf4 22. Bxf4 Qxf4 23. g3 Qf6 24. Qb3 Rc7 25. Bb5 Nd4 26. Qa4 Rxc1 27. Rxc1 Qg5 28. Rc7 Nxb5 29. Rxb7 a6 30. Qxa6 Nd4 31. Qb6 Qe5 32. f4 Qxe4 33. Rb8 Qe1+ 34. Kh2 Qf2+ 35. Kh1 Qf1+ 0-1

[Event "Wch Seniors 65 28th"]
[Site "Bled"]
[Date "2018.11.19"]
[Round "2"]
[White "Strand, Kjetil"]
[Black "Dalling, Peter"]
[Result "1-0"]
[WhiteElo "1995"]
[BlackElo "1811"]
[PlyCount "45"]
[EventDate "2018.11.18"]
[EventType "swiss"]
[EventRounds "11"]
[EventCountry "SLO"]
[SourceTitle "CBM 187 Extra"]
[Source "ChessBase"]
[SourceDate "2018.11.04"]
[SourceVersion "1"]
[SourceVersionDate "2018.11.04"]
[SourceQuality "1"]

1. e4 e5 2. Nf3 Nf6 3. d4 Nxe4 4. Bd3 d5 5. Nxe5 Bd6 6. 0-0 0-0 7. c4 c6 8. Nc3 Nxc3 9. bxc3 Qh4 10. f4 f5 11. Qb3 Bxe5 12. fxe5 dxc4 13. Bxc4+ Kh8 14. Ba3 Rd8 15. e6 Re8 16. Rxf5 Qe4 17. Raf1 Rg8 18. Rf8 h6 19. e7 Bd7 20. Rxg8+ Kh7 21. Rd8 Bh3 22. Bg8+ Kg6 23. Qf7+ 1-0

[Event "EU-ch Seniors 65 18th"]
[Site "Drammen"]
[Date "2018.08.10"]
[Round "7"]
[White "Patola, Eero"]
[Black "Strand, Kjetil"]
[Result "0-1"]
[WhiteElo "1856"]
[BlackElo "1994"]
[PlyCount "120"]
[EventDate "2018.08.04"]
[EventType "swiss"]
[EventRounds "9"]
[EventCountry "NOR"]
[SourceTitle "CBM 186 Extra"]
[Source "ChessBase"]
[SourceDate "2018.08.24"]
[SourceVersion "1"]
[SourceVersionDate "2018.08.24"]
[SourceQuality "1"]

1. c4 e5 2. Nc3 Nf6 3. g3 d5 4. cxd5 Nxd5 5. Bg2 Nb6 6. Nf3 Nc6 7. 0-0 Be7 8. b3 0-0 9. Bb2 f5 10. d3 Bf6 11. Rc1 Be6 12. Nd2 Qd7 13. Nc4 Nd5 14. Na4 b6 15. Ne3 Rad8 16. Nxd5 Bxd5 17. e4 Bf7 18. exf5 Ne7 19. Qc2 c5 20. g4 Nd5 21. Be4 Nf4 22. Rcd1 h5 23. f3 Qe7 24. Kh1 Bg5 25. Nc3 Bh6 26. Qf2 h4 27. Ne2 Nd5 28. Bc1 Rd6 29. Bxh6 Rxh6 30. f4 exf4 31. Nxf4 Nc3 32. Rde1 Rd6 33. Ng6 Bxg6 34. Bd5+ Nxd5 35. Rxe7 Nxe7 36. Qxh4 Nd5 37. Re1 Be8 38. Kg1 Bc6 39. Re5 Rdf6 40. g5 Rxf5 41. Rxf5 Rxf5 42. g6 Nf6 43. Qg3 Be8 44. h4 Rd5 45. Kf2 Rd4 46. h5 Nxh5 47. Qb8 Nf6 48. Qc8 Rxd3 49. b4 cxb4 50. Ke2 Rd7 51. Qc4+ Kf8 52. Qxb4+ Re7+ 53. Kf3 Bxg6 54. a4 Be4+ 55. Kg3 Bd5 56. a5 bxa5 57. Qxa5 Kf7 58. Kf2 g5 59. Qa1 g4 60. Qd4 Bf3 0-1

[Event "EU-ch Seniors 65 18th"]
[Site "Drammen"]
[Date "2018.08.05"]
[Round "2"]
[White "Strand, Kjetil"]
[Black "Moen, Ole Christian"]
[Result "0-1"]
[WhiteElo "1994"]
[BlackElo "2228"]
[PlyCount "74"]
[EventDate "2018.08.04"]
[EventType "swiss"]
[EventRounds "9"]
[EventCountry "NOR"]
[SourceTitle "CBM 186 Extra"]
[Source "ChessBase"]
[SourceDate "2018.08.24"]
[SourceVersion "1"]
[SourceVersionDate "2018.08.24"]
[SourceQuality "1"]

1. e4 c5 2. Nf3 a6 3. d4 cxd4 4. Nxd4 Nf6 5. Nc3 e5 6. Nde2 Bc5 7. Ng3 Qb6 8. Qf3 d6 9. Bc4 Bg4 10. Nd5 Nxd5 11. Qxg4 Bxf2+ 12. Ke2 Bxg3 13. hxg3 Ne7 14. Qxg7 Rf8 15. Rxh7 d5 16. Bxd5 Nxd5 17. exd5 Nd7 18. c4 Qg1 19. b3 0-0-0 20. Qg4 Qxg2+ 21. Kd1 f5 22. Qg6 f4 23. Bd2 Qg1+ 24. Kc2 Qxa1 25. gxf4 Qxa2+ 26. Kc3 Rg8 27. Rg7 Rxg7 28. Qxg7 exf4 29. Qg4 Qa1+ 30. Kc2 Rf8 31. c5 Qa2+ 32. Kc3 Qa5+ 33. b4 Qa1+ 34. Kc4 Qe5 35. Bc3 Qf5 36. Qf3 Re8 37. c6 Re4+ 0-1

[Event "NOR-ch blitz"]
[Site "Drammen"]
[Date "2018.01.05"]
[Round "1"]
[White "Christiansen, Johan Sebastian"]
[Black "Strand, Kjetil"]
[Result "1-0"]
[WhiteElo "2492"]
[BlackElo "1986"]
[PlyCount "80"]
[EventDate "2018.01.05"]
[EventType "swiss (blitz)"]
[EventRounds "9"]
[EventCountry "NOR"]
[SourceTitle "CBM 182 Extra"]
[Source "ChessBase"]
[SourceDate "2018.02.23"]
[SourceVersion "1"]
[SourceVersionDate "2018.02.23"]
[SourceQuality "1"]

1. e4 e5 2. Nf3 Nc6 3. Nc3 Nf6 4. a3 Bc5 5. Nxe5 Bxf2+ 6. Kxf2 Nxe5 7. d4 Ng6 8. e5 Ng8 9. Bc4 N8e7 10. Rf1 0-0 11. Kg1 d5 12. exd6 Qxd6 13. Qd3 Be6 14. Bg5 Bxc4 15. Qxc4 Rad8 16. Rad1 Rd7 17. Qe2 Nd5 18. Ne4 Qb6 19. c4 Nde7 20. Kh1 h6 21. Be3 Rfd8 22. d5 Qa6 23. Nc5 Qa5 24. Nxb7 Qa4 25. Nxd8 Rxd8 26. Qf2 Qe8 27. Bd4 f6 28. Rde1 Qf7 29. Bxa7 Nc8 30. Bc5 Nd6 31. Bxd6 cxd6 32. b4 Ne5 33. Qd4 Rc8 34. c5 dxc5 35. bxc5 Qc7 36. c6 Qd6 37. Qe4 Ra8 38. Rc1 Qc7 39. Rfd1 Rxa3 40. d6 Qa5 1-0

[Event "NOR-ch Seniors-A"]
[Site "Stavanger"]
[Date "2017.07.08"]
[Round "9"]
[White "Synnestvedt, Jan"]
[Black "Strand, Kjetil"]
[Result "1-0"]
[WhiteElo "1899"]
[BlackElo "1978"]
[PlyCount "105"]
[EventDate "2017.07.01"]
[EventType "swiss"]
[EventRounds "9"]
[EventCountry "NOR"]
[SourceTitle "EXT 2018"]
[Source "ChessBase"]
[SourceDate "2017.10.13"]
[SourceVersion "1"]
[SourceVersionDate "2017.10.13"]
[SourceQuality "1"]

1. d4 d5 2. Nf3 Nf6 3. c4 c6 4. cxd5 cxd5 5. Nc3 Nc6 6. e3 Bf5 7. Qb3 Na5 8. Qa4+ Bd7 9. Bb5 Nc6 10. Ne5 Qc7 11. Nxd7 Qxd7 12. Bxc6 bxc6 13. b3 e6 14. Ba3 Bd6 15. Bxd6 Qxd6 16. Rc1 0-0 17. 0-0 e5 18. dxe5 Qxe5 19. Ne2 h5 20. h3 Ne4 21. Rxc6 Rac8 22. Rxc8 Rxc8 23. Qd4 Qg5 24. Rc1 Re8 25. Qxa7 Qf6 26. f3 Qb2 27. fxe4 Qxe2 28. exd5 Rxe3 29. d6 Rd3 30. Rf1 Qe6 31. Qb8+ Kh7 32. Qc7 Kg8 33. Qe7 Rxd6 34. Qxe6 fxe6 35. Rb1 Rd2 36. a4 Ra2 37. b4 Rxa4 38. b5 Ra7 39. b6 Rb7 40. Kf2 Kf7 41. Ke3 Ke7 42. Kf4 Kf6 43. Ke4 Ke7 44. Ke5 Kd7 45. Rd1+ Kc6 46. Rd6+ Kc5 47. Rxe6 Rd7 48. Rg6 h4 49. Kf4 Rd4+ 50. Kg5 Rb4 51. Kh5 Kd5 52. Rxg7 Rxb6 53. Kxh4 1-0

[Event "NOR-ch Seniors-A"]
[Site "Stavanger"]
[Date "2017.07.06"]
[Round "7"]
[White "Mella, Aage"]
[Black "Strand, Kjetil"]
[Result "1-0"]
[WhiteElo "1708"]
[BlackElo "1978"]
[PlyCount "87"]
[EventDate "2017.07.01"]
[EventType "swiss"]
[EventRounds "9"]
[EventCountry "NOR"]
[SourceTitle "EXT 2018"]
[Source "ChessBase"]
[SourceDate "2017.10.13"]
[SourceVersion "1"]
[SourceVersionDate "2017.10.13"]
[SourceQuality "1"]

1. c4 e5 2. e3 Nf6 3. a3 Nc6 4. Nc3 Be7 5. b4 0-0 6. Qc2 d5 7. cxd5 Nxd5 8. Bb2 Bf6 9. Bc4 Nb6 10. Bd3 g6 11. Nf3 Re8 12. Ne4 Bg7 13. Bb5 Bd7 14. 0-0 Nxb4 15. Qb3 Bxb5 16. Neg5 Bc4 17. Qxb4 Bxf1 18. Rxf1 Qe7 19. Qb3 e4 20. Bxg7 Kxg7 21. Ne5 Qxg5 22. Qxf7+ Kh6 23. f4 Qf5 24. Qxc7 Rxe5 25. fxe5 Qd7 26. Qc1 Re8 27. Qe1 Rxe5 28. Qh4+ Rh5 29. Qf4+ Rg5 30. h4 Qg4 31. hxg5+ Qxg5 32. Qxg5+ Kxg5 33. Rf4 Nc4 34. Rxe4 Nxd2 35. Rd4 Nb1 36. a4 Nc3 37. Kf2 b5 38. axb5 Kf5 39. Kf3 h5 40. Rc4 Nb1 41. e4+ Ke5 42. Ke3 Kf6 43. Rc6+ Kg5 44. Ra6 1-0

[Event "NOR-ch Seniors-A"]
[Site "Stavanger"]
[Date "2017.07.01"]
[Round "1"]
[White "Lie, Gunnar"]
[Black "Strand, Kjetil"]
[Result "1/2-1/2"]
[WhiteElo "1769"]
[BlackElo "1978"]
[PlyCount "114"]
[EventDate "2017.07.01"]
[EventType "swiss"]
[EventRounds "9"]
[EventCountry "NOR"]
[SourceTitle "EXT 2018"]
[Source "ChessBase"]
[SourceDate "2017.10.13"]
[SourceVersion "1"]
[SourceVersionDate "2017.10.13"]
[SourceQuality "1"]

1. Nc3 e5 2. e4 Bc5 3. Nf3 d6 4. d4 exd4 5. Nxd4 Nf6 6. Be2 0-0 7. 0-0 Re8 8. Bg5 c6 9. Kh1 Nbd7 10. Nf5 Nf8 11. Ng3 h6 12. Be3 Bxe3 13. fxe3 Ng6 14. Qd4 Be6 15. Rad1 Qa5 16. Rxf6 gxf6 17. Nh5 Red8 18. Qxf6 Qe5 19. Qf2 Qg5 20. Rf1 Ne5 21. h4 Qg6 22. Qf4 Kh8 23. Nf6 Rg8 24. Nxg8 Rxg8 25. Rf2 Kh7 26. Kh2 Bg4 27. Kh1 Qh5 28. g3 Bxe2 29. Nxe2 Rg4 30. Qf6 Rxe4 31. Qxd6 Ng4 32. Rf3 Qd5 33. Qxd5 cxd5 34. Rxf7+ Kg8 35. Rf3 Nxe3 36. Nf4 d4 37. Nh5 Ng4 38. Rf4 Re1+ 39. Kg2 Ne3+ 40. Kf2 Nxc2 41. Rxd4 Nxd4 42. Kxe1 Kf7 43. Kf2 Kg6 44. g4 Nc6 45. Ke3 Ne5 46. Nf4+ Kf6 47. Nd5+ Kg7 48. Kf4 Nd3+ 49. Kf5 Nxb2 50. Ke5 Nd3+ 51. Kd6 Nc1 52. a4 Nb3 53. g5 hxg5 54. hxg5 Kg6 55. Kc7 Kxg5 56. Kxb7 Nc5+ 57. Kxa7 Nxa4 1/2-1/2

[Event "Wch Seniors 65 26th"]
[Site "Marianske Lazne"]
[Date "2016.11.24"]
[Round "6"]
[White "Strand, Kjetil"]
[Black "Svec, Ludek"]
[Result "1-0"]
[WhiteElo "1990"]
[BlackElo "1702"]
[PlyCount "35"]
[EventDate "2016.11.19"]
[EventType "swiss"]
[EventRounds "11"]
[EventCountry "CZE"]
[SourceTitle "CBM 175 Extra"]
[Source "ChessBase"]
[SourceDate "2016.12.12"]
[SourceVersion "1"]
[SourceVersionDate "2016.12.12"]
[SourceQuality "1"]

1. e4 c5 2. Nf3 e6 3. d4 cxd4 4. Nxd4 Nf6 5. Nc3 Nc6 6. Ndb5 Bb4 7. Bf4 Nxe4 8. Qf3 d5 9. Nc7+ Kf8 10. 0-0-0 Bxc3 11. bxc3 e5 12. Nxd5 Nxf2 13. Qxf2 exf4 14. Qc5+ Ke8 15. Bb5 Be6 16. Bxc6+ bxc6 17. Qxc6+ Kf8 18. Qc5+ 1-0